Umění prodávat /

Hlavní autor: Filipová, Alena, 1965-
Jazyk: Čeština
Vydáno: Praha : Grada, 2006
Vydání: 2., přeprac. a rozš. vyd.
Edice: Manažer. Prodej
Témata:
Fyzický popis: 180 s. ; 24 cm
Knihy
Uloženo v:
LEADER 01301nam a2200409 a 4500
001 nkc20061638846
003 CZ PrNK
005 20090217115558.0
007 ta
008 060119s2006 xr e f 000 0 cze
015 |a cnb001638846 
020 |a 80-247-1699-2  |q (brož.) 
035 |a (OCoLC)85544633 
040 |a OLA001  |b cze  |d ABA001 
072 7 |a 658  |x Řízení a správa podniku  |2 Konspekt  |9 4 
080 |a 658.8  |2 MRF 
080 |a 658.8:005.32  |2 MRF 
080 |a (035)  |2 MRF 
100 1 |a Filipová, Alena,  |d 1965-  |7 ola2006345423  |4 aut 
245 1 0 |a Umění prodávat /  |c Alena Filipová 
250 |a 2., přeprac. a rozš. vyd. 
260 |a Praha :  |b Grada,  |c 2006 
300 |a 180 s. ;  |c 24 cm 
490 1 |a Manažer. Prodej 
500 |a Na rubu tit. s. uvedeno chybně též 1. vyd. 
650 0 7 |a prodej  |7 ph115885  |2 czenas 
650 0 7 |a psychologie prodeje  |7 ph119528  |2 czenas 
650 0 9 |a selling  |2 eczenas 
650 0 9 |a psychology of selling  |2 eczenas 
655 7 |a příručky  |7 fd133209  |2 czenas 
655 9 |a handbooks and manuals  |2 eczenas 
830 0 |a Manažer.  |p Prodej  |0 s 
910 2 |a BOA001  |b 2-1173.615 
990 |a BK 
995 |a 01 
991 |b 200609  |c NOV 
996 6 |b 2610287229  |c 2-1173.615  |l MZK  |r Sklad / do 1 hodiny  |n 18  |p p.v.  |w 000823421  |u 000010  |a 1  |e BOA001  |j MZK50  |s P